000 00615cam a2200253 4500
008 090401t1998 xxu||||| |||| 00| 0 eng d
020 _a0673997529
035 _a(Sirsi) u84621
041 _aeng
050 _a526.9
100 _aMoffitt, Francis H
245 _aSurveying.
250 _a10th ed.
260 _aMenlo Park, Calif.
_bAddison-Wesley
_c1998
300 _axiv,738p. : ill. ; 24cm.
350 _a29.99
650 _aLAND SURVEYING
650 _aLEVELLING
650 _aMeasurement
_96256
690 _aLAND SURVEYING
700 _aBossler, John D.
942 _n0
948 _c03/03/1998
999 _c96964
_d96964